LEADER 01127nam a2200253 4500 001 000000354397 003 CaOOAMICUS 005 20230803092711.0 008 230623s1978 it 000 u ita r 040 $aSeMil$bita 100 1 $aDuhem, Pierre,$d<1861-1916>.$0(OLS)http://semarc/name/22094 240 13$aLa théorie physique :$bson object et sa structure.$0(OLS)http://semarc/title/444537 245 13$aLa teoria fisica :$bil suo oggetto e la sua struttura /$cPierre Duhem. 264 1$aBologna :$bIl Mulino,$c1978. 300 $aXVI, 391 p. ;$c21 cm 490 1 $aCollezione di testi e di studi. Filosofia 650 4$aFisica.$0(OLS)http://semarc/subject/6493 830 0$aCollezione di testi e di studi. Filosofia.$0(OLS)http://semarc/title/5964 850 $aSeMil 852 $aSeMil$W1$xVenegono$y1$m3X III 203$j242741$B245657$CSeMilBibl$Z2$F245657 $81 961 $aPolezzo Stefanin - Lascito 996 $6245$aLa teoria fisica :$bil suo oggetto e la sua struttura$9(OLS)http://semarc/title/444538 996 $6264$aBologna :$bIl Mulino$9(OLS)http://semarc/publisher/29842 LEADER 00977nam a2200241 i 4500 001 000000064538 003 CaOOAMICUS 005 20130604000000.0 008 130604s1957 xx u000 u fre u 013 $a35710 040 $aSeMil$bita 100 1 $aMaury, Pierre.$0(OLS)http://semarc/name/30557 245 13$aLa prédestination /$cPierre Maury ; préface de K. Barth. 260 $aGenève :$bLabor et Fides,$ccopyr. 1957. 300 $a62 p. ;$c25 cm. 490 0 $aNouvelle série théologique ;$v4 650 4$aPredestinazione.$0(OLS)http://semarc/subject/3382 700 1 $aBarth, Karl ,$d<1886-1968>.$0(OLS)http://semarc/name/587 830 0$aNouvelle série théologique ;$v4.$0(OLS)http://semarc/title/38766 850 $aSeMil 852 $aSeMil$W1$xVenegono$y1$m2M IV 266$j30691$B30691$CSeMilBibl$Z2$F30694 $81 996 $6245$aLa prédestination$9(OLS)http://semarc/title/102212 996 $6260$aGenève :$bLabor et Fides$9(OLS)http://semarc/publisher/31164